000 00462nam a22001577a 4500
003 OSt
005 20150908161158.0
008 150908b xxu||||| |||| 00| 0 eng d
040 _cRUA
082 _aAGR សួង 1993 B007 Or.1
100 _9166
_aសួង សូត្រ
245 _aដំណាំខ្ទឹមបារាំងនៅខេត្តកណ្តាល
260 _aPhnom Penh
_bRUA
_c1993
300 _a57p.
_bill.
_c29cm.
942 _2ddc
_cAGR
999 _c147
_d147